00602nam a2200157Ia 4500008004100000020001800041082002100059100003900080245008100119260002100200300001100221440005100232650004900283952009500332999001700427120622s9999 xx 000 0 und d a84-345-8003-9 a086.1 B311s v.38 aStevenson, Robert Louis, 1850-1894 aLa isla del tesoro / R. L. Stevenson ; pról. de Jesús Fernández Santos aNavarra : Salvat a188 p. aBiblioteca básica Salvat. Segunda serie ; 38 a1. NOVELA INGLESA \ 2. LITERATURA INGLESAÌ 00104070a01b01d2007-01-25l0o086.1 B311S V.38p01 003572r2012-06-24w2012-06-24yLB c54275d54275